| 000 | 00625nam a2200241Ia 4500 | ||
|---|---|---|---|
| 003 | OSt | ||
| 005 | 20230511142304.0 | ||
| 008 | 210423s2012 xx 000 0 und d | ||
| 020 | _a978-81-265-1099-3 | ||
| 040 | _cAL | ||
| 041 | _aeng | ||
| 082 | _a620.5 POOI | ||
| 100 |
_aPOOLE (Charles P);OWENS (Frank J) _9103182 |
||
| 245 | _aIntroduction to nanotechnology | ||
| 250 | _a6 | ||
| 260 |
_aNew Delhi _bWiley and Sons _c2012 |
||
| 300 |
_axii,388p _bPB |
||
| 365 |
_b589 _cINR |
||
| 650 |
_aEngineering _9103183 |
||
| 650 |
_aNanotechnology _9103184 |
||
| 906 | _aIntroduction ; nanotechnology | ||
| 942 |
_2ddc _cBK |
||
| 999 |
_c166019 _d166019 |
||